Pokémon fusionnés avec Tyranocif - Statistiques

Statistiques générales
  • Ce quiz a été pris 123 fois
  • Le résultat moyen est 12 sur 16
Statistiques - réponses
Par images Réponse % Correct
Groudon
100%
Voltali
93%
Porygon
88%
Nidoqueen
86%
Saquedeneu
84%
Dimoret
81%
Parecool
78%
Wattouat
76%
Joliflor
72%
Obalie
71%
Toudoudou
69%
Moumouton
67%
Munna
67%
Mesmérella
63%
Lombre
42%
Golgopathe
22%
Aucun quiz correspondant
Distribution des résultats
% des personnes avec chaque résultat
Percentile par nombre de réponses
Votre historique - résultats
Vous n’avez pas pris ce quiz